000 00817nam a22002177a 4500
005 20240530110607.0
008 160519s2014 su h f b 000 0 ara d
017 _a1434/8579
_bالسعودية . مكتبة الملك فهد الوطنية
020 _a9786038139196
040 _aEG-CaGPL
082 0 4 _221
_a371.9127\
_bع ل
100 0 _aعلى عبد رب النبى حنفى
245 1 0 _aلغة الاشارة :
_bالاسس - التطبيقات /
_cعلى عبد رب النبى حنفى
250 _aط. 1
260 _aالرياض :
_bدار الزهراء ،
_c2014 .
300 _a336 ص. :
_bصور لو. ؛
_c24 سم .
504 _aيشتمل على ارجاعات ببليوجرافية
650 0 4 _aالصم
_xاشارة
650 0 4 _aالصم
_xوسائل الاتصال
942 _2ddc
_cBK
999 _c62778
_d62778